000
00285nam a22001097a 4500
008
170111b xxu||||| |||| 00| 0 eng d
020
_a
080166148X
041
_a
eng
080
_a
618.2
245
_a
CONCEPTUAL FOUNDATIONS OF PROFESSIONAL NURSING PRACTICE
_c
CREASIA, J.L
942
_2
udc
_c
BK
999
_c
2723
_d
2723